| 000 | 00625nam a2200181 i 4500 | ||
|---|---|---|---|
| 001 | 68037 | ||
| 003 | ES-MaACL | ||
| 005 | 20230906170207.0 | ||
| 007 | t| | ||
| 008 | 040217s1919 mx ||||1| spa d | ||
| 100 | 1 |
_aGamio, Manuel. _953795 |
|
| 245 | 1 | 0 |
_aPrograma de la Dirección de Antropología para el estudio y mejoramiento de las poblaciones regionales de la República / _cManuel Gamio. |
| 260 |
_aMéxico : _bSecretaría de Agricultura y Fomento, _c1919. |
||
| 300 |
_a51 p. ; _c25 cm. |
||
| 651 | 4 |
_aMéxico- _xPoblación. _9174656 |
|
| 651 | 4 |
_aMéxico- _xSituación social. _9153836 |
|
| 852 | 4 |
_aES-MaACL _j1596-F-6 |
|
| 999 |
_c68037 _d68037 |
||